[Event "23rd OIBM 2019"]
[Site "Gmund am Tegernsee"]
[Date "2019.10.30"]
[Round "5.44"]
[White "Hallmann, Norbert"]
[Black "Nasshan, Dennis"]
[Result "1/2-1/2"]
[WhiteElo "2105"]
[BlackElo "2306"]
[Annotator "TA"]
[PlyCount "103"]
[EventDate "2019.10.17"]
[EventType "swiss"]
[EventCountry "GER"]
[SourceTitle "playchess.com"]
[Source "ChessBase"]
[SourceQuality "1"]

{[%evp 24,103,22,13,9,-18,0,0,0,-34,105,102,96,103,179,177,185,172,168,150,114,39,39,12,25,15,34,0,0,0,0,0,0,0,0,0,0,0,0,0,0,0,0,-8,0,-14,-8,-4,-2,-2,-4,-82,0,0,0,0,0,0,0,0,0,0,0,0,0,-25,-14,-21,0,-53,0,0,0,0,0,0,0,0,0,0,0,0]} 1. e4 c6 2. d4 d5 3. Nc3 dxe4 4. Nxe4 Bf5 5. Ng3 Bg6 6. h4 h6 7. h5 Bh7 8. Nf3 Nd7 9. Bd3 Bxd3 10. Qxd3 e6 11. Bd2 Ngf6 12. O-O-O Be7 13. Kb1 Qb6 {B19: Classical Caro-Kann: 4...Bf5 main line} 14. Qe2 Rd8 15. Ne5 O-O {[#]} 16. Ka1 $146 ({Predecessor:} 16. Bc1 c5 17. Nxd7 Rxd7 18. dxc5 Qxc5 19. Rxd7 Nxd7 20. Ne4 Qc6 21. Rh3 {0-1 (55) Ponomariov,R (2675)-Esipenko,A (2624) Khanty-Mansiysk 2019}) 16... Qb5 (16... Rfe8 $15 {keeps the upper hand.}) 17. Ng6 {Threatens to win with Qxb5.} Rfe8 18. c4 Qa6 (18... Qb6 $16 {might work better.}) 19. Nxe7+ $18 Rxe7 {[#]} 20. Nf5 $1 {[%cal Rf5e7]} Ree8 21. Nd6 Rf8 22. Rh3 (22. g4 $16 {Black must now prevent g5.} c5 23. Nb5) 22... c5 $14 23. Nb5 cxd4 24. Bb4 Rfe8 25. Nc7 Qb6 26. Nxe8 Rxe8 27. Rb3 $1 e5 28. Be7 Qc6 29. Bxf6 $1 Nxf6 30. Rb5 Qc7 31. g4 a6 32. Rb3 Re6 33. Rg3 Qc6 34. f3 Nh7 35. Rgg1 Ng5 36. Rgf1 Nh3 37. Qe4 {[#]} (37. b3 $11) 37... Qc7 ({Black should play} 37... Qxe4 $1 $17 38. fxe4 Ng5) 38. a3 $11 Nf4 39. Rf2 Rc6 40. Rc2 Ne6 41. Re1 f6 42. Kb1 Kf8 ({Much weaker is} 42... Rxc4 $6 43. Rxc4 Qxc4 44. Qxb7 $16) 43. Rg1 a5 44. Qf5 (44. c5 $5) 44... Kg8 45. Qe4 a4 ({Much worse is} 45... Rxc4 46. Rxc4 Qxc4 47. Qxb7 $16) 46. Qg6 (46. c5 $11) 46... Nf4 (46... Qd7 $15) 47. Qe8+ {The position is equal.} Kh7 48. Rd1 Ne6 ({But not} 48... Rxc4 $2 49. Rdc1 $16) 49. Qg6+ Kg8 50. Qe8+ Kh7 $1 51. Qg6+ Kg8 52. Qe8+ {Accuracy: White = 63%, Black = 51%.} 1/2-1/2

[Event "23rd OIBM 2019"]
[Site "Gmund am Tegernsee"]
[Date "2019.10.31"]
[Round "6.1"]
[White "Gareyev, Timur"]
[Black "Bernadskiy, Vitaliy"]
[Result "1-0"]
[WhiteElo "2591"]
[BlackElo "2554"]
[Annotator "TA"]
[PlyCount "79"]
[EventDate "2019.10.17"]
[EventType "swiss"]
[EventCountry "GER"]
[SourceTitle "playchess.com"]
[Source "ChessBase"]
[SourceQuality "1"]

{[%evp 13,79,15,27,0,18,0,0,0,0,0,0,0,20,20,14,9,10,8,4,0,0,4,29,0,2,0,6,-12,0,-6,11,13,23,14,17,18,23,16,34,33,42,36,83,86,109,86,90,75,136,141,127,129,120,127,541,525,474,443,566,568,566,568,564,576,606,569,599,589]} 1. d4 d5 2. c4 c6 3. Nf3 e6 4. e3 Nd7 5. Bd3 Bd6 6. O-O dxc4 7. Bxc4 Ngf6 8. b3 {D30: Queen's Gambit Declined: Systems without Nc3} (8. Nbd2 O-O 9. Be2 c5 10. b3 b6 11. Nc4 Bc7 12. a4 Bb7 13. Ba3 Ne4 14. Rc1 Qf6 15. Ncd2 Rac8 16. Nxe4 Bxe4 {0-1 (110) Kozul,Z (2612)-Adhiban,B (2682) Zagreb 2018}) 8... Qe7 $146 ({Predecessor:} 8... e5 9. Bb2 {½-½ (24) Dizdar,G (2564)-Horvath,C (2530) Austria 2008}) 9. Bb2 e5 10. Nbd2 {The position is equal.} O-O 11. Qc2 e4 12. Ng5 {[%cal Rg5e4]} Bxh2+ 13. Kxh2 {Hoping for Kg1.} Ng4+ 14. Kg1 Qxg5 15. Qxe4 Ndf6 $132 {[%mdl 2048] Black has counterplay} 16. Qf4 Qxf4 17. exf4 Nd5 18. g3 Bf5 19. Rfe1 Rfe8 20. a3 Ngf6 21. Re5 Be6 22. f5 Bd7 23. Bd3 Ng4 24. Rxe8+ Rxe8 25. Nc4 Nh6 26. Nd6 Re7 27. Rc1 f6 28. a4 Be8 29. Ba3 {Strongly threatening Bc4.} Bh5 30. Kg2 Nf7 (30... Rd7 $142) 31. Nxf7 $16 Rxf7 32. Rh1 Bg4 {[#]} 33. Re1 $1 {[%cal Re1e8] White threatens Re8+ and mate.} h6 $2 {[%mdl 8192] [#]} (33... g6 $16) 34. f3 $1 $18 {White is clearly winning.} Bh5 35. Rh1 Rd7 36. Rxh5 Ne3+ 37. Kf2 Nd1+ 38. Ke1 Rxd4 39. Bc4+ ({Not} 39. Kxd1 Rxd3+ 40. Kc2 Rxf3 $16) 39... Kh8 40. Bc5 {Accuracy: White = 72%, Black = 27%.} 1-0

[Event "23rd OIBM 2019"]
[Site "Gmund am Tegernsee"]
[Date "2019.10.31"]
[Round "6.2"]
[White "Idani, Pouya"]
[Black "Eljanov, Pavel"]
[Result "1/2-1/2"]
[WhiteElo "2568"]
[BlackElo "2663"]
[Annotator "TA"]
[PlyCount "49"]
[EventDate "2019.10.17"]
[EventType "swiss"]
[EventCountry "GER"]
[SourceTitle "playchess.com"]
[Source "ChessBase"]
[SourceQuality "1"]

{[%evp 9,49,18,15,22,20,20,24,22,38,27,30,21,22,15,31,33,20,23,16,16,30,26,18,0,12,11,11,11,11,11,11,11,11,11,11,11,18,11,11,11,12,14]} 1. e4 c6 2. d4 d5 3. e5 Bf5 4. g4 Bd7 5. Nc3 e6 6. Be3 {B12: Caro-Kann: Advance Variation} Qb6 (6... Ne7 7. Qd2 h5 8. g5 g6 9. Bd3 Na6 10. a3 Nc7 11. Nge2 Nf5 12. Bxf5 exf5 {½-½ (41) Nepomniachtchi,I (2732)-Anand,V (2786) Leuven 2017}) 7. Na4 Qc7 8. f4 {White has an edge.} Na6 9. Nf3 h5 10. gxh5 $146 ({Predecessor:} 10. Ng5 hxg4 11. Qxg4 Qa5+ 12. Nc3 Nb4 13. Qe2 Be7 14. a3 Nh6 15. O-O-O Na6 16. Qh5 g6 17. Qf3 O-O-O 18. h4 {1-0 (18) Cridland,G (1682)-Harris,R (1609) FICGS email 2011}) 10... Nh6 11. Qd2 c5 12. Nxc5 Nxc5 13. dxc5 Nf5 14. Bf2 Bxc5 15. Bxc5 Qxc5 16. O-O-O {The position is equal.} Rxh5 17. Bd3 g6 18. Bxf5 Rxf5 19. Kb1 O-O-O 20. Rhg1 Rh5 21. Ng5 Qe7 22. Rg3 Kb8 23. h3 Rc8 24. Rc3 Rhh8 25. Rxc8+ {Accuracy: White = 80%, Black = 74%.} 1/2-1/2

[Event "23rd OIBM 2019"]
[Site "Gmund am Tegernsee"]
[Date "2019.10.31"]
[Round "6.3"]
[White "Azarov, Sergei"]
[Black "Mons, Leon"]
[Result "1-0"]
[WhiteElo "2586"]
[BlackElo "2552"]
[Annotator "RC"]
[PlyCount "113"]
[EventDate "2019.10.17"]
[EventType "swiss"]
[EventCountry "GER"]
[SourceTitle "playchess.com"]
[Source "ChessBase"]
[SourceQuality "1"]
[TimeControl "40/5400+30:1800+30"]

1. e4 {[%emt 0:00:00]} d5 {[%emt 0:00:00]} 2. exd5 {[%emt 0:00:00]} Qxd5 {[%emt 0:00:00]} 3. Nc3 {[%emt 0:00:22]} Qd8 {[%emt 0:00:00]} 4. d4 {[%emt 0:00:56]} Nf6 {[%emt 0:00:00]} 5. Bg5 {[%emt 0:04:46]} c6 {[%emt 0:01:29]} 6. Bc4 {[%emt 0:04:25]} Bf5 {[%emt 0:05:24]} 7. Nf3 {[%emt 0:04:42]} e6 {[%emt 0:01:38]} 8. O-O {[%emt 0:10:19]} Be7 {[%emt 0:07:29]} 9. Qe2 {[%emt 0:05:48]} O-O {[%emt 0:04:43]} 10. Rad1 {[%emt 0:02:30]} Nbd7 {[%emt 0:04:30]} 11. Bb3 {[%emt 0:16:52]} Nb6 {[%emt 0:07:09]} 12. Rfe1 {[%emt 0:02:13]} Nbd5 {[%emt 0:09:25]} 13. Nxd5 {[%emt 0:04:55]} cxd5 {[%emt 0:00:17]} 14. Ne5 {[%emt 0:01:04]} h6 {[%emt 0:03:03]} 15. Bh4 {[%emt 0:03:05]} Ne4 {[%emt 0:03:25]} 16. Bxe7 {[%emt 0:01:55]} Qxe7 {[%emt 0:00:05]} 17. c3 {[%emt 0:00:24]} Nd6 {[%emt 0:03:52]} 18. Bc2 {[%emt 0:01:41]} Bxc2 {[%emt 0:03:18]} 19. Qxc2 {[%emt 0:00:04]} Qc7 {[%emt 0:02:33]} 20. f3 {[%emt 0:02:26]} Nc4 {[%emt 0:00:54]} 21. Nd3 {[%emt 0:02:54]} Rfe8 {[%emt 0:04:15]} 22. Qf2 {[%emt 0:00:37]} Qa5 {[%emt 0:01:55]} 23. a3 {[%emt 0:00:32]} Qb5 {[%emt 0:01:48]} 24. Re2 {[%emt 0:01:52]} Rac8 {[%emt 0:03:27]} 25. h4 {[%emt 0:00:52]} Qb3 {[%emt 0:01:20]} 26. Rde1 {[%emt 0:01:16]} Qb6 {[%emt 0:08:18]} 27. g4 {[%emt 0:01:55]} Qd6 {[%emt 0:05:07]} 28. h5 {[%emt 0:03:24]} Re7 {[%emt 0:03:11]} 29. Kg2 {[%emt 0:00:58]} Rce8 {[%emt 0:00:38]} 30. f4 {[%emt 0:04:24]} f6 {[%emt 0:01:18]} 31. Qg3 {[%emt 0:01:31]} b6 {[%emt 0:01:12]} 32. Kh2 {[%emt 0:01:20]} Qc7 {[%emt 0:01:12]} 33. g5 {[%emt 0:05:41]} fxg5 {[%emt 0:01:07]} 34. fxg5 {[%emt 0:00:06]} Qxg3+ {[%emt 0:00:40]} 35. Kxg3 {[%emt 0:00:04]} hxg5 {[%emt 0:00:07]} 36. Ne5 {[%emt 0:04:01]} Nxe5 {[%emt 0:01:18]} 37. Rxe5 {[%emt 0:00:08]} b5 {[%emt 0:02:04]} 38. Kg4 {[%emt 0:01:17]} a5 {[%emt 0:00:30]} 39. Kxg5 {[%emt 0:01:11]} Kh7 {[%emt 0:00:53]} 40. R1e3 {[%emt 0:02:50]} b4 {[%emt 0:06:30]} 41. cxb4 {[%emt 0:11:01]} axb4 {[%emt 0:00:02]} 42. a4 {[%emt 0:00:11]} Rc7 {[%emt 0:03:47]} 43. Rxe6 {[%emt 0:01:14]} Rxe6 {[%emt 0:00:08]} 44. Rxe6 {[%emt 0:00:04]} Rc2 {[%emt 0:01:18]} 45. b3 {[%emt 0:01:01]} Rc3 {[%emt 0:00:45]} 46. Rb6 {[%emt 0:01:19]} Rxb3 {[%emt 0:00:15]} 47. Kf5 {[%emt 0:00:40]} Rb1 {[%emt 0:06:28]} 48. Ke5 {[%emt 0:02:22]} b3 {[%emt 0:00:05]} 49. Kxd5 {[%emt 0:05:07]} b2 {[%emt 0:00:04]} 50. a5 {[%emt 0:01:32]} Ra1 {[%emt 0:01:05]} 51. Rxb2 {[%emt 0:00:08]} Rxa5+ {[%emt 0:00:03]} 52. Ke6 {[%emt 0:01:17]} Rxh5 {[%emt 0:00:05]} 53. d5 {[%emt 0:00:06]} Rh1 {[%emt 0:00:48]} 54. Re2 {[%emt 0:01:48]} g5 {[%emt 0:03:33]} 55. d6 {[%emt 0:01:28]} Rd1 {[%emt 0:00:24]} 56. d7 {[%emt 0:00:36]} g4 {[%emt 0:01:47]} 57. Re4 {[%emt 0:01:26]} 1-0

[Event "23rd OIBM 2019"]
[Site "Gmund am Tegernsee"]
[Date "2019.10.31"]
[Round "6.4"]
[White "Chanda, Sandipan"]
[Black "Kamsky, Gata"]
[Result "1/2-1/2"]
[WhiteElo "2529"]
[BlackElo "2685"]
[Annotator "TA"]
[PlyCount "67"]
[EventDate "2019.10.17"]
[EventType "swiss"]
[EventCountry "GER"]
[SourceTitle "playchess.com"]
[Source "ChessBase"]
[SourceQuality "1"]

{[%evp 11,67,-3,10,13,18,20,13,12,4,11,13,9,9,9,20,0,0,0,0,-18,-32,-35,0,0,-18,-33,-37,-26,-34,-20,-27,-37,-8,-10,-15,-10,-9,-10,-8,-11,-8,-8,-8,-8,-8,-8,-8,-8,-8,-20,-20,-24,0,-31,-31,-31,-31,-31]} 1. d4 d5 2. Nf3 Nf6 3. Bf4 c5 4. e3 Nc6 5. Nbd2 e6 6. c3 cxd4 7. exd4 {D02: 1 d4 d5 2 Nf3 sidelines, including 2...Nf6 3 g3 and 2...Nf6 3 Bf4} Nh5 8. Be3 (8. Bg5 f6 9. Be3 Bd6 10. g3 O-O 11. Nh4 g6 12. Be2 Ng7 13. O-O e5 14. dxe5 fxe5 {½-½ (59) Aronian,L (2767)-Nakamura,H (2777) chess.com INT 2018}) 8... Bd6 9. Bd3 {The position is equal.} Nf4 10. Bxf4 Bxf4 11. O-O O-O 12. Re1 g6 13. g3 Bh6 14. h4 $146 ({Predecessor:} 14. Ne5 Qc7 {1-0 (38) Irkilmez,Y (2040)-Hinrichs,N (2011) Willingen 2018}) 14... f6 15. c4 Kh8 16. Nb3 b6 17. h5 Nb4 18. hxg6 Nxd3 19. Qxd3 dxc4 20. Qxc4 Bb7 21. Nh4 Qd5 (21... Bd5 $5 {[%cal Rd5c4]} 22. Qe2 f5 $11) 22. Qxd5 Bxd5 23. gxh7 Kxh7 24. f4 Rg8 25. Kf2 Rg4 26. Nf3 Rag8 27. Rg1 $1 {[#]} Bxf4 $1 {[%mdl 512]} 28. gxf4 {Strongly threatening Ng5+!} Bxf3 $1 29. Rxg4 Bxg4 $11 {KRB-KRN} 30. d5 exd5 31. Nd4 Re8 32. Re1 Rxe1 33. Kxe1 Bd7 34. b4 {Accuracy: White = 77%, Black = 80%.} 1/2-1/2

[Event "23rd OIBM 2019"]
[Site "Gmund am Tegernsee"]
[Date "2019.10.31"]
[Round "6.5"]
[White "Demchenko, Anton"]
[Black "Hoffmann, Michael"]
[Result "1-0"]
[WhiteElo "2655"]
[BlackElo "2445"]
[Annotator "TA"]
[PlyCount "69"]
[EventDate "2019.10.17"]
[EventType "swiss"]
[EventCountry "GER"]
[SourceTitle "playchess.com"]
[Source "ChessBase"]
[SourceQuality "1"]

{[%evp 17,69,21,34,20,43,37,56,52,50,52,64,36,48,35,43,0,54,75,96,85,86,86,167,162,198,189,210,185,216,216,232,222,258,197,205,202,237,148,151,155,275,258,304,290,287,280,343,333,414,394,416,412,377,370]} 1. e4 c5 2. Nf3 e6 3. g3 d5 4. exd5 exd5 5. d4 Nf6 6. Bg2 Be7 7. O-O O-O 8. Nc3 Nc6 9. dxc5 Bxc5 10. a3 {B40: Sicilian: 2...e6, Unusual lines} h6 11. b4 Be7 12. Bb2 {White is slightly better.} Bf5 $146 ({Predecessor:} 12... Bg4 13. h3 Bh5 14. Ne2 Bg6 15. Nf4 Be4 16. Re1 Re8 17. Rc1 Rc8 {½-½ (46) Zvjaginsev,V (2659)-Rublevsky,S (2695) Khanty-Mansiysk 2013}) 13. Re1 Rc8 14. Rc1 Re8 15. Nd4 Bg4 16. Qd2 Qd7 ({Black should try} 16... a5 $1 $11) 17. Nb3 $36 {[%cal Rc3d5][%mdl 2048] White has strong initiative.} Rcd8 18. b5 Nb8 19. Qd4 {Threatens to win with Nxd5!} Bf8 (19... Be6 $16) 20. Rxe8 $18 Qxe8 21. Qxa7 ({Resist} 21. Nxd5 $6 Nxd5 22. Qxg4 (22. Bxd5 Be6 $11) 22... Qxb5 $16) 21... d4 22. Nxd4 Nbd7 {...Bc5 is the strong threat.} 23. Nb3 $1 ({Inferior is} 23. Bxb7 Bc5 $17) (23. Qxb7 Nc5 $11) 23... b6 {[#]} 24. h3 $1 {[%cal Rh3g4]} Bh5 25. Qc7 Ne5 26. Ne4 Nfd7 27. Qc3 Rc8 {[#]} 28. Qd4 $1 Rc4 (28... f6 $16 {was called for.} 29. a4 Rd8) 29. Qe3 Rc8 30. Ned2 f6 31. a4 Nc5 32. Bxe5 fxe5 33. Bc6 {White is winning.} Rxc6 34. bxc6 Qxc6 35. Qxe5 {Accuracy: White = 85%, Black = 50%.} 1-0

[Event "23rd OIBM 2019"]
[Site "Gmund am Tegernsee"]
[Date "2019.10.31"]
[Round "6.6"]
[White "Yankelevich, Lev"]
[Black "Sethuraman, S.P."]
[Result "1/2-1/2"]
[WhiteElo "2480"]
[BlackElo "2624"]
[Annotator "TA"]
[PlyCount "49"]
[EventDate "2019.10.17"]
[EventType "swiss"]
[EventCountry "GER"]
[SourceTitle "playchess.com"]
[Source "ChessBase"]
[SourceQuality "1"]

{[%evp 9,49,33,33,24,35,32,35,35,39,37,31,39,37,37,45,43,45,28,27,34,47,45,71,72,66,54,61,9,6,19,5,10,13,20,18,18,26,-11,-16,-19,22,-20]} 1. d4 f5 2. c4 Nf6 3. Nf3 g6 4. e3 (4. Nc3 Bg7 5. e3 O-O 6. Be2 b6 7. O-O Bb7 8. b4 e6 9. a4 a5 10. b5 d6 11. Ba3 Nbd7 12. Rc1 Qe7 13. Nd2 g5 14. Nb3 f4 15. exf4 gxf4 {0-1 (67) Cori,J (2686)-Maghsoodloo,P (2656) Biel 2019}) 4... Bg7 5. b4 {[%cal Bb2b4,Bb4b5][%mdl 32]} O-O 6. Bb2 {A84: Dutch Defence: 2 c4 Miscellaneous} d6 7. Be2 a5 $146 ({Predecessor:} 7... e6 8. O-O a5 9. b5 b6 10. Nc3 Qe7 {½-½ (40) Soysal,S (2405)-Potapov,P (2517) Skopje 2019}) 8. b5 {White is slightly better.} e6 9. Nc3 b6 10. Qb3 Qe7 11. O-O Nbd7 12. Nd2 Bb7 13. Bf3 Bxf3 14. Nxf3 Kh8 15. Rad1 Nh5 16. Na4 Nhf6 17. Ba3 Ne4 18. Qc2 (18. Nd2 $14) 18... e5 $11 19. c5 bxc5 20. dxc5 Nexc5 21. Nxc5 Nxc5 22. Bxc5 dxc5 23. Rc1 e4 24. Nd2 Rab8 25. Qxc5 {Accuracy: White = 77%, Black = 49%.} 1/2-1/2

[Event "23rd OIBM 2019"]
[Site "Gmund am Tegernsee"]
[Date "2019.10.31"]
[Round "6.7"]
[White "Santos Latasa, Jaime"]
[Black "Morawietz, Dieter"]
[Result "1/2-1/2"]
[WhiteElo "2580"]
[BlackElo "2419"]
[Annotator "RC"]
[PlyCount "134"]
[EventDate "2019.10.17"]
[EventType "swiss"]
[EventCountry "GER"]
[SourceTitle "playchess.com"]
[Source "ChessBase"]
[SourceQuality "1"]
[TimeControl "40/5400+30:1800+30"]

1. d4 {[%emt 0:00:00]} Nf6 {[%emt 0:00:00]} 2. c4 {[%emt 0:00:00]} e6 {[%emt 0:00:00]} 3. Nc3 {[%emt 0:00:00]} Bb4 {[%emt 0:00:00]} 4. e3 {[%emt 0:00:00]} b6 {[%emt 0:00:22]} 5. Nge2 {[%emt 0:00:00]} Ba6 {[%emt 0:00:13]} 6. a3 {[%emt 0:00:04]} Bxc3+ {[%emt 0:02:15]} 7. Nxc3 {[%emt 0:00:24]} d5 {[%emt 0:00:10]} 8. b3 {[%emt 0:00:08]} Nc6 {[%emt 0:02:59]} 9. a4 {[%emt 0:01:11]} O-O {[%emt 0:00:13]} 10. Be2 {[%emt 0:00:36]} Re8 {[%emt 0:06:46]} 11. a5 {[%emt 0:06:21]} e5 {[%emt 0:25:05]} 12. dxe5 {[%emt 0:04:33]} Nxe5 {[%emt 0:01:03]} 13. Nxd5 {[%emt 0:07:20]} Nxd5 {[%emt 0:00:52]} 14. Qxd5 {[%emt 0:00:37]} Qf6 {[%emt 0:09:14]} 15. Bb2 {[%emt 0:01:34]} Rad8 {[%emt 0:24:37]} 16. Qe4 {[%emt 0:00:24]} Nd3+ {[%emt 0:00:08]} 17. Bxd3 {[%emt 0:00:08]} Rxe4 {[%emt 0:00:05]} 18. Bxf6 {[%emt 0:00:05]} Rxd3 {[%emt 0:00:04]} 19. axb6 {[%emt 0:01:07]} axb6 {[%emt 0:00:10]} 20. Bg5 {[%emt 0:07:43]} h6 {[%emt 0:04:52]} 21. Rxa6 {[%emt 0:04:15]} Rxb3 {[%emt 0:01:04]} 22. Kd2 {[%emt 0:00:40]} hxg5 {[%emt 0:00:16]} 23. Rc1 {[%emt 0:00:24]} Rb2+ {[%emt 0:01:38]} 24. Ke1 {[%emt 0:00:32]} Rh4 {[%emt 0:00:20]} 25. Kf1 {[%emt 0:01:01]} Rxh2 {[%emt 0:00:06]} 26. Kg1 {[%emt 0:00:03]} Rh6 {[%emt 0:00:06]} 27. Ra3 {[%emt 0:01:19]} Rd6 {[%emt 0:01:13]} 28. c5 {[%emt 0:00:35]} Rdd2 {[%emt 0:02:19]} 29. cxb6 {[%emt 0:00:15]} cxb6 {[%emt 0:00:04]} 30. Rf1 {[%emt 0:00:08]} Kh7 {[%emt 0:04:46]} 31. Ra4 {[%emt 0:00:32]} Kg6 {[%emt 0:00:46]} 32. g4 {[%emt 0:00:10]} Kf6 {[%emt 0:04:54]} 33. Re4 {[%emt 0:00:11]} g6 {[%emt 0:00:20]} 34. Kg2 {[%emt 0:00:08]} b5 {[%emt 0:05:07]} 35. Kg3 {[%emt 0:00:35]} Rd7 {[%emt 0:02:16]} 36. Rc1 {[%emt 0:00:23]} Rdd2 {[%emt 0:01:33]} 37. Rf1 {[%emt 0:01:43]} Rd7 {[%emt 0:01:12]} 38. Rc1 {[%emt 0:00:05]} Rb7 {[%emt 0:00:07]} 39. Rc6+ {[%emt 0:00:06]} Kg7 {[%emt 0:00:06]} 40. Rc5 {[%emt 0:00:06]} b4 {[%emt 0:01:05]} 41. Rcc4 {[%emt 0:30:51]} b3 {[%emt 0:07:13]} 42. Rb4 {[%emt 0:00:00]} Rxb4 {[%emt 0:00:53]} 43. Rxb4 {[%emt 0:00:00]} Kf6 {[%emt 0:00:16]} 44. Rb5 {[%emt 0:00:00]} Ke6 {[%emt 0:00:16]} 45. Rxg5 {[%emt 0:00:00]} Rc2 {[%emt 0:02:59]} 46. Rb5 {[%emt 0:00:00]} b2 {[%emt 0:00:04]} 47. f3 {[%emt 0:00:00]} Kd6 {[%emt 0:00:31]} 48. Kf4 {[%emt 0:00:00]} Kc6 {[%emt 0:01:39]} 49. Rb8 {[%emt 0:00:00]} f6 {[%emt 0:03:00]} 50. e4 {[%emt 0:00:00]} Kc5 {[%emt 0:08:06]} 51. g5 {[%emt 0:00:00]} f5 {[%emt 0:00:07]} 52. Ke5 {[%emt 0:00:00]} fxe4 {[%emt 0:00:17]} 53. fxe4 {[%emt 0:00:00]} Rf2 {[%emt 0:06:06]} 54. Ke6 {[%emt 0:00:00]} Kd4 {[%emt 0:00:21]} 55. e5 {[%emt 0:00:00]} Kc3 {[%emt 0:00:16]} 56. Rc8+ {[%emt 0:00:00]} Kd3 {[%emt 0:01:06]} 57. Rb8 {[%emt 0:00:00]} Kc2 {[%emt 0:01:35]} 58. Rc8+ {[%emt 0:00:00]} Kd2 {[%emt 0:00:16]} 59. Rb8 {[%emt 0:00:00]} Kc1 {[%emt 0:02:08]} 60. Kd6 {[%emt 0:00:00]} b1=Q {[%emt 0:00:19]} 61. Rxb1+ {[%emt 0:00:00]} Kxb1 {[%emt 0:00:15]} 62. e6 {[%emt 0:00:00]} Kc2 {[%emt 0:00:06]} 63. Ke5 {[%emt 0:00:00]} Kd3 {[%emt 0:03:19]} 64. e7 {[%emt 0:00:00]} Re2+ {[%emt 0:00:08]} 65. Kf6 {[%emt 0:00:00]} Kd4 {[%emt 0:00:07]} 66. Kxg6 {[%emt 0:00:00]} Rxe7 {[%emt 0:00:05]} 67. Kf6 {[%emt 0:00:00]} Ra7 1/2-1/2

[Event "23rd OIBM 2019"]
[Site "Gmund am Tegernsee"]
[Date "2019.10.31"]
[Round "6.8"]
[White "Loiseau, Quentin"]
[Black "Peralta, Fernando"]
[Result "0-1"]
[WhiteElo "2471"]
[BlackElo "2569"]
[Annotator "TA"]
[PlyCount "90"]
[EventDate "2019.10.17"]
[EventType "swiss"]
[EventCountry "GER"]
[SourceTitle "playchess.com"]
[Source "ChessBase"]
[SourceQuality "1"]

{[%evp 12,90,21,11,27,13,29,35,43,14,30,0,0,0,0,0,14,0,0,-21,-14,-18,-15,0,-8,-33,-36,-70,-66,-77,-39,-107,-57,-125,-114,-153,-153,-153,-153,-134,-140,-145,-133,-235,-234,-277,-275,-277,-276,-302,-287,-293,-275,-336,-356,-359,-350,-435,-427,-601,-604,-637,-643,-636,-600,-690,-691,-1636,-1602,-12835,-12837,-12838,-12839,-12839,-12840,-12840,-12840,-12841,-12841,-12841,-12842]} 1. e4 e6 2. d4 d5 3. Nc3 Nf6 4. Bg5 dxe4 5. Nxe4 Nbd7 6. Nf3 h6 7. Bxf6 Nxf6 {C13: French: Classical System: 4 Bg5 Be7, Alekhine-Chatard Attack} 8. Bd3 Nxe4 9. Bxe4 c5 {White is slightly better.} 10. c3 (10. Qe2 Qa5+ 11. c3 Be7 12. O-O-O cxd4 13. Rxd4 Bf6 14. Rb4 O-O 15. Kb1 {½-½ (55) Saric,I (2694)-Nisipeanu,L (2667) Malmo 2019}) 10... cxd4 11. Nxd4 Bc5 12. O-O O-O 13. Nb3 Bb6 $146 ({Predecessor:} 13... Bd6 14. f4 Qc7 15. Qf3 {0-1 (33) Marwan,A (1983)-Jasim,A (2318) Abu Dhabi 2005}) 14. a4 a5 15. Qxd8 Rxd8 16. Rfd1 Kf8 17. Rxd8+ Bxd8 18. Nc5 Be7 19. b4 Ra7 20. Nd3 Bd6 21. f4 (21. b5 $15) 21... g5 22. g3 (22. b5 $15) 22... b6 $17 23. b5 Rc7 24. Bc6 Bd7 25. Bxd7 Rxd7 26. fxg5 hxg5 {[%mdl 4096] Endgame KRB-KRN} 27. Rd1 {[#]} (27. Kf1 $17) 27... Rc7 $1 $19 28. Rc1 Rc4 29. Nb2 Re4 30. Rc2 Ba3 31. Nd3 Rxa4 32. Kg2 {intending Ra2.} Bd6 33. c4 Ra3 34. Nf2 f5 {Black is clearly winning.} 35. g4 (35. Nd1 $142) 35... a4 36. Nh3 Be7 37. c5 bxc5 38. gxf5 exf5 39. Nxg5 Bxg5 40. Rxc5 {KRB-KR} Be7 41. Rxf5+ Ke8 42. b6 Rb3 43. Ra5 a3 44. Ra8+ Kf7 45. Ra6 Bc5 {Accuracy: White = 28%, Black = 85%.} 0-1

[Event "23rd OIBM 2019"]
[Site "Gmund am Tegernsee"]
[Date "2019.10.31"]
[Round "6.9"]
[White "Womacka, Mathias"]
[Black "Shevchenko, Kirill"]
[Result "1-0"]
[WhiteElo "2436"]
[BlackElo "2542"]
[Annotator "TA"]
[PlyCount "93"]
[EventDate "2019.10.17"]
[EventType "swiss"]
[EventCountry "GER"]
[SourceTitle "playchess.com"]
[Source "ChessBase"]
[SourceQuality "1"]

{[%evp 9,101,5,14,0,0,0,0,0,24,0,0,-14,22,-54,-35,-8,-10,-32,-29,-14,-8,0,0,0,0,-13,-18,-18,-15,-14,-16,-21,-27,-36,-33,-32,-25,-29,-32,-39,-30,-36,-34,-33,-33,-37,-33,-37,-41,-41,-22,-31,0,0,50,45,140,129,161,164,405,405,681,653,667,675,675,364,675,675,675,675,664,664,637,573,696,696,696,689,679,679,869,869,1073,1073,1037,1000,846,832,1067,942,884,857]} 1. e4 c5 2. Nc3 d6 3. d4 cxd4 4. Qxd4 Nc6 5. Qd2 g6 6. b3 {B23: Closed Sicilian: Lines without g3} Bh6 7. f4 Nf6 (7... f5 8. Bb2 Nf6 9. O-O-O O-O 10. Kb1 Bg7 11. exf5 Bxf5 {1-0 (37) Caruana,F (2819)-Vachier Lagrave,M (2779) Stavanger 2019}) 8. Bb2 {The position is equal.} O-O 9. O-O-O a5 10. Bd3 $146 ({Predecessor:} 10. a4 Nb4 11. Kb1 {1-0 (33) Dubov,D (2691)-Firouzja,A (2561) Abu Dhabi 2018}) 10... Bg4 11. Rf1 (11. Nge2 $1 $11) 11... d5 12. exd5 Nxd5 13. Nxd5 Qxd5 14. h3 Be6 15. Qc3 {[%csl Gb2][%cal Rc3h8]} f6 16. Bc4 Qd6 17. Ne2 {Hoping for Rd1.} Nb4 18. Kb1 Rfc8 19. Bxe6+ Qxe6 20. Nd4 Rxc3 21. Nxe6 Rxc2 22. a3 Re2 {Threatens to win with ...Nd3.} 23. Nd4 {[#]} Rxb2+ $1 {[%mdl 512]} 24. Kxb2 Nd3+ {[%mdl 64] Double Attack} 25. Kb1 Nxf4 26. g4 Nd5 27. Nb5 Rc8 28. Rf3 Rc5 29. a4 e5 30. Re1 b6 (30... Bd2 $5 {[%cal Rd2e1]} 31. Re4 Bb4 $15) 31. Rd3 f5 32. Red1 Nf6 (32... Ne7 $1 $14) 33. gxf5 $16 gxf5 34. Rd6 Bg7 $2 (34... Kg7) 35. Rxb6 $18 e4 (35... Nd5 $142) 36. Rb8+ Bf8 37. Rdd8 e3 38. Rxf8+ Kg7 39. Nd4 {And now Ne6+ would win.White is clearly winning.} Re5 40. Ne2 f4 {next ...f3 is good for Black.} 41. Rxf6 {[%mdl 64] Deflection, Clearance} Kxf6 {[%mdl 4096] Endgame KRN-KR} 42. Rf8+ Kg5 {If only Black now had time for ...Rf5....} 43. Rxf4 Rd5 {intending ...Rd1+.} 44. Re4 Rd1+ 45. Nc1 Re1 46. Kc2 Kf5 {[#]} 47. Re8 {Played: Re4-e5} 1-0